000 00263nam a22001217a 4500
082 _a823
_bCER/A
100 _aCERVANTES
245 _aTHE ADVENTURES OF DON QUIZOLE
260 _aDELHI
_bS CHAND & CO
300 _a80
650 _aENGLISH STORY
_zINDIA
942 _cBK
999 _c7259
_d7259